| 000 | 00780nam a22002777a 4500 | ||
|---|---|---|---|
| 003 | CHAP | ||
| 005 | 20220329135340.0 | ||
| 008 | 971013s1961 r 00010 d | ||
| 010 | _a34860 | ||
| 011 | _a35832 | ||
| 035 | _a39949 | ||
| 040 | _cCHAP | ||
| 090 | _aFolleto 6260 | ||
| 110 |
_aENA _936669 |
||
| 245 | _aManual de ortografía | ||
| 260 |
_aChapingo, Méx. : _bENA, _c1961 |
||
| 300 | _a17 p. | ||
| 590 |
_aBATCH-UPD _b10 _c20130110 _lUCH01 _h1615 |
||
| 590 |
_aBATCH-UPD _b10 _c20130410 _lUCH01 _h1009 |
||
| 590 |
_aBATCH-UPD _b10 _c20130914 _lUCH01 _h1320 |
||
| 590 |
_aCONVERSION _b10 _c20130109 _lUCH01 _h1320 |
||
| 650 | 1 | 4 |
_aEspañol _xOrtografía y redacción. _937739 |
| 901 | _aBK | ||
| 942 | _cFOLL | ||
| 949 |
_aFolleto 6260 _bBC _cFOLL _d-91229 _eTS1 _i39949 _mD _si |
||
| 999 |
_c34860 _d34860 |
||